000 01234nam a2200205Ii 4500
003 JO-AjNU
008 230605s9999||||xx |||||||||||||| ||und||
017 _a2015/3/892
040 _aJO-AjNU
_bara
_erda
_cJO-AjNU
041 _aara
050 1 4 _aDS154.55.M342 2015
100 3 _aعبدالله بن الحسين الثاني، ملك الأردن، 1999؛ اشراف الديوان الملكي الهاشمي؛ إعداد وتحرير بكر خازر المجالي؛ المتابعة والتنسيق منتهى قبلان العبداللات، المتابعة والتنسيق جنان زكي أبو زياد,
_eauthor
_953395
245 0 0 _aخطب العرش السامي لصاحب الجلالة الهاشمية الملك عبدالله الثاني ابن الحسين المعظم 1420-1436 هجري/1999-2014 م، الجزء الثالث
264 3 1 _aعمان: الديوان الملكي العامر، 2015
300 _aج3، 112ص
336 _atext
_btxt
_2rdacontent
337 _aunmediated
_bn
_2rdamedia
338 _avolume
_bnc
_2rdacarrier
650 4 _aالاردن - تاريخ -صاحب الجلالة الهاشمية االملك عبدالله الثاني ابن الحسين - خطابات
_953396
999 _aA23710
_c27278
_d27278